000 00543nam a22001697a 4500
008 160706b xxu||||| |||| 00| 0 eng d
020 _a978007126844
082 _22009
_aDC 512
_bG35a
100 _910890
_aGibilisco, Stan
245 _aAlgebra know-it-all:
_bbeginner to advanced, and everything in between/
_cStan Gibilisco.
250 _aInternational Edition
260 _aNew York:
_bMcgrawHill,
_cc2009.
300 _axiii, 730 pages:
_billustrations;
_c23 cm.
500 _aIncludes index.
650 0 _910891
_aAlgebra
942 _2ddc
_cDC
999 _c3262
_d3262